|
|
|
|
| LEADER |
00000nab a2200000u 4500 |
| 001 |
vtls012152778 |
| 003 |
SK-MaSNL |
| 005 |
20260304034330.0 |
| 008 |
221024|2022 xo ||||||| || ||slo| |
| 038 |
|
|
|a KEVKJB
|
| 040 |
|
|
|a KEVKJB
|b slo
|e rda
|
| 041 |
0 |
|
|a slo
|
| 043 |
|
|
|a e-xo---
|
| 044 |
|
|
|a xo
|c SK
|
| 072 |
|
7 |
|a 631
|x Poľnohospodárstvo. Pedológia. Agrotechnika. Agroekológia
|2 konspekt
|
| 080 |
|
|
|a 631.115.8
|2 2011
|
| 100 |
1 |
|
|a Z. K.
|4 aut
|9 665736
|
| 245 |
1 |
0 |
|a 70 rokov "družstevníctva" v Budimíre
|c [autor] Z. K.
|
| 300 |
|
|
|b Fotografie
|
| 336 |
|
|
|a text
|b txt
|2 rdacontent
|
| 337 |
|
|
|a bez média
|b n
|2 rdamedia
|
| 338 |
|
|
|a zväzok
|b nc
|2 rdacarrier
|
| 610 |
2 |
7 |
|a Jednotné roľnícke družstvo (Budimír, Slovensko)
|2 kevkjb
|9 1110883
|
| 650 |
0 |
7 |
|a družstevníctvo
|2 SNKPH
|9 2134
|
| 650 |
0 |
7 |
|a dejiny obcí
|2 SNKPH
|9 164834
|
| 651 |
|
7 |
|a Budimír (Slovensko)
|2 SNKPHgeo
|9 29563
|
| 651 |
|
7 |
|a Košice-okolie (Slovensko : okres)
|2 SNKPHgeo
|9 146743
|
| 773 |
0 |
|
|t Nové Budimírske časy
|g Roč. 12, č. 1 (2022), s. 20-22
|x 1339-9772
|
| 852 |
|
|
|a KEVKJB
|b KIS3GCP
|
| 856 |
4 |
1 |
|u https://issuu.com/bnc9/docs/bnc_2022_1
|
| 999 |
|
|
|c 2652513
|d 2654443
|